00492 a2200121 4500020001100000035001300011037004500024082001100069245015600080260004400236270006600280300002400346 c150.00 aB-210716 bRP-ZLS-2742 / UBH-07-08:4 / RP-07-08:ENG14a302.341 aThe new GD kpath-finder 2006ba complete guide to Ace group discussion : case studies, abstract topics, analyses by experts, comprehensive introduction aMumbaibIMS Learning Resonrces,c(200?) a6th Floor, NCL Premises Bandra Kurla Complex,bBandracMumbai a120 pc24 cm (pbk)